000 00632nam a2200181Ia 4500
008 090630s9999 xx 000 0 und d
082 _b21178
100 _aपुंडलिक रमेश.
245 _aसुखदायी वास्तू.
_cपुंडलिक रमेश.
260 _bचंद्रमौळी - पुणे.
_c1998
300 _a30
600 _aपुंडलिक रमेश.
630 _aसुखदायी वास्तू.
655 _aइतर.
700 _aपुंडलिक रमेश.
730 _aसुखदायी वास्तू.
942 _cBOOK
999 _c273034
_d273034